000 01100nam a22003257a 4500
003 CHAP
005 20220329140727.0
008 971013s1970 r 00010 d
010 _a56635
011 _a57607
035 _a61762
040 _cCHAP
082 _a630.58
_bS6
110 _aSociedad Agronómica Mexicana
_9108045
245 _aDirectorio agronómico nacional
260 _aMéxico, D.F. :
_b(s.e.),
_c1970
300 _a223 p.
590 _aBATCH-UPD
_b10
_c20130110
_lUCH01
_h1600
590 _aBATCH-UPD
_b10
_c20130410
_lUCH01
_h0957
590 _aBATCH-UPD
_b10
_c20130914
_lUCH01
_h0227
590 _aCONVERSION
_b10
_c20130109
_lUCH01
_h1330
650 1 4 _aAgricultura
_xSociedades
_zMexico.
_91820
650 1 4 _aAgrónomos mexicanos.
_92208
901 _aBK
942 _cLIBRO
949 _a630.58 S6
_bBC
_cC
_d33724000566253
_eC
_fc.4
_h51684
_i61762
_si
949 _a630.58 S6
_bBC
_cC
_d33724000566584
_eC
_h15862
_i61762
_si
949 _a630.58 S6
_bBC
_cLIBRO
_d33724000565263
_eLIBRO
_fc.2
_h29959
_i61762
_si
949 _a630.58 S6
_bBC
_cLIBRO
_d33724000565271
_eLIBRO
_fc.3
_h31935
_i61762
_si
999 _c56635
_d56635